000 00781nam a2200217Ia 4500
003 GCL
008 140319s9999 xx 000 0 ara d
040 _aGCL /
_cGCL
082 0 4 _aم
_b091
_bد ف
100 1 _aدار الكتب القومية
245 1 0 _aفهرس المخطوطات التركية العثمانية التى اقتنتها دار الكتب القومية منذ عام 1870 - 1980 /
_cدار الكتب القومية
260 _aالقاهرة :
_bالهيئة المصرية العامة للكتاب ،
_c1992
300 _a4 مج ؛
_c24 سم
490 _a
650 0 4 _aتركيا
650 0 4 _aمخطوطات
650 0 4 _aبيليوجرافيات
650 0 4 _aالفهارس
650 0 4 _aالمعارف العامة
942 _2ddc
_cREF
999 _c59459
_d59459